000 00429nam a22001697a 4500
003 CEME
005 20210628202441.0
008 210315b xxu||||| |||| 00| 0 eng d
020 _a81-7024-652-0
040 _c.
082 _a020 LIB'P
100 _aKooganuramath, M.M Patil, D.B
_959957
245 _aLibrary and information science
260 _aNEWYORK
_bASHISH PUBLISHING
_c1994
300 _aXII,236P
942 _cBK
_2ddc
999 _c569813
_d569813